[Event "ESP chT Honor Division 2019"]
[Site "Melilla"]
[Date "2019.10.04"]
[Round "5.21"]
[White "Moreno Ruiz, Javier"]
[Black "Santos Ruiz, Miguel"]
[Result "0-1"]
[WhiteElo "2470"]
[BlackElo "2560"]
[Annotator "ChessBase"]
[PlyCount "80"]
[EventDate "2019.09.30"]
[EventType "team-tourn"]
[EventCountry "ESP"]
[SourceTitle "playchess.com"]
[Source "ChessBase"]
[SourceQuality "1"]
[TimeControl "40/5400+30:1800+30"]

1. d4 {[%emt 0:00:00]} Nf6 {[%emt 0:00:00]} 2. c4 {[%emt 0:00:12]} e6 {[%emt 0:00:00]} 3. Nc3 {[%emt 0:00:10]} Bb4 {[%emt 0:00:00]} 4. e3 {[%emt 0:00:13]} O-O {[%emt 0:00:03]} 5. Nge2 {[%emt 0:00:12]} Re8 {[%emt 0:00:07]} 6. a3 {[%emt 0:00:21]} Bf8 {[%emt 0:00:07]} 7. Ng3 {[%emt 0:00:27]} d5 {[%emt 0:00:09]} 8. Be2 {[%emt 0:00:10]} b6 {[%emt 0:00:06]} 9. cxd5 {[%emt 0:04:51]} exd5 {[%emt 0:01:10]} 10. b4 {[%emt 0:00:10]} c6 {[%emt 0:09:36]} 11. O-O {[%emt 0:00:38]} Ba6 {[%emt 0:00:08]} 12. Bxa6 {[%emt 0:03:04]} Nxa6 {[%emt 0:00:37]} 13. Qd3 {[%emt 0:00:07]} Nb8 {[%emt 0:01:32]} 14. Bd2 {[%emt 0:00:59]} Nbd7 {[%emt 0:09:36]} 15. Rab1 {[%emt 0:03:34]} b5 {[%emt 0:13:12]} 16. a4 {[%emt 0:03:23]} a6 {[%emt 0:00:20]} 17. a5 {[%emt 0:00:46]} Bd6 {[%emt 0:10:20]} 18. f3 {[%emt 0:03:47]} Qc7 {[%emt 0:04:53]} 19. Nce2 {[%emt 0:01:48]} h5 {[%emt 0:04:36]} 20. Rfc1 {[%emt 0:02:15]} h4 {[%emt 0:10:42]} 21. Nf1 {[%emt 0:01:15]} Nf8 {[%emt 0:00:25]} 22. Qf5 {[%emt 0:09:23]} Ng6 {[%emt 0:03:22]} 23. Rc2 {[%emt 0:04:22]} Re6 {[%emt 0:08:17]} 24. Rbc1 {[%emt 0:05:18]} Ne7 {[%emt 0:03:02]} 25. Qd3 {[%emt 0:15:46]} g5 {[%emt 0:08:40]} 26. h3 {[%emt 0:02:49]} Re8 {[%emt 0:00:03]} 27. Kh1 {[%emt 0:03:11]} Qd7 {[%emt 0:00:53]} 28. Be1 {[%emt 0:01:39]} Nh5 {[%emt 0:04:00]} 29. e4 {[%emt 0:05:24]} dxe4 {[%emt 0:00:54]} 30. fxe4 {[%emt 0:00:09]} Ng6 {[%emt 0:00:06]} 31. e5 {[%emt 0:16:56]} Bxe5 {[%emt 0:00:38]} 32. Qf5 {[%emt 0:00:05]} Bh8 {[%emt 0:03:48]} 33. Qxg5 {[%emt 0:01:50]} Nf6 {[%emt 0:01:16]} 34. Nf4 {[%emt 0:08:27]} Rxe1 {[%emt 0:00:05]} 35. Nxg6 {[%emt 0:00:22]} fxg6 {[%emt 0:00:06]} 36. Qxg6+ {[%emt 0:01:15]} Bg7 {[%emt 0:00:04]} 37. Qg5 {[%emt 0:01:12]} Qxd4 {[%emt 0:01:37]} 38. Qf5 {[%emt 0:01:46]} Qe4 {[%emt 0:01:24]} 39. Qxe4 {[%emt 0:00:42]} R8xe4 {[%emt 0:00:04]} 40. Rxc6 {[%emt 0:00:27]} Nh5 {[%emt 0:00:39]} 0-1

[Event "ESP chT Honor Division 2019"]
[Site "Melilla"]
[Date "2019.10.04"]
[Round "5.22"]
[White "Tejedor Fuente, Enrique"]
[Black "Quispe Arteaga, Gabriel"]
[Result "0-1"]
[WhiteElo "2453"]
[BlackElo "2404"]
[Annotator "ChessBase"]
[PlyCount "144"]
[EventDate "2019.09.30"]
[EventType "team-tourn"]
[EventCountry "ESP"]
[SourceTitle "playchess.com"]
[Source "ChessBase"]
[SourceQuality "1"]
[TimeControl "40/5400+30:1800+30"]

1. e4 {[%emt 0:00:00]} c5 {[%emt 0:00:00]} 2. Nc3 {[%emt 0:00:21]} e6 {[%emt 0:00:00]} 3. g3 {[%emt 0:00:29]} Nc6 {[%emt 0:00:29]} 4. Bg2 {[%emt 0:00:03]} g6 {[%emt 0:00:37]} 5. d3 {[%emt 0:00:06]} Bg7 {[%emt 0:00:05]} 6. Be3 {[%emt 0:00:14]} b6 {[%emt 0:00:59]} 7. Qd2 {[%emt 0:03:32]} Bb7 {[%emt 0:04:32]} 8. Nge2 {[%emt 0:01:42]} d6 {[%emt 0:02:54]} 9. h3 {[%emt 0:15:25]} Nd4 {[%emt 0:05:10]} 10. Bxd4 {[%emt 0:14:20]} cxd4 {[%emt 0:00:21]} 11. Nb5 {[%emt 0:00:01]} e5 {[%emt 0:00:17]} 12. Qb4 {[%emt 0:00:01]} Bf8 {[%emt 0:04:56]} 13. c3 {[%emt 0:10:41]} a6 {[%emt 0:06:47]} 14. Na3 {[%emt 0:00:07]} dxc3 {[%emt 0:01:30]} 15. Nxc3 {[%emt 0:00:02]} b5 {[%emt 0:04:34]} 16. Qb3 {[%emt 0:02:44]} Nf6 {[%emt 0:03:08]} 17. Nc2 {[%emt 0:05:18]} Nd7 {[%emt 0:02:13]} 18. Ne3 {[%emt 0:00:31]} Bh6 {[%emt 0:00:44]} 19. Ncd5 {[%emt 0:02:53]} Nc5 {[%emt 0:05:41]} 20. Qd1 {[%emt 0:00:43]} Bxe3 {[%emt 0:03:57]} 21. Nxe3 {[%emt 0:00:01]} Qa5+ {[%emt 0:00:12]} 22. Ke2 {[%emt 0:07:01]} O-O {[%emt 0:06:37]} 23. Qd2 {[%emt 0:02:00]} Qb6 {[%emt 0:02:20]} 24. h4 {[%emt 0:20:25]} f5 {[%emt 0:04:52]} 25. f3 {[%emt 0:05:04]} Ne6 {[%emt 0:02:06]} 26. h5 {[%emt 0:03:17]} f4 {[%emt 0:04:29]} 27. gxf4 {[%emt 0:00:28]} Nxf4+ {[%emt 0:05:15]} 28. Kd1 {[%emt 0:00:01]} Qd4 {[%emt 0:04:08]} 29. hxg6 {[%emt 0:02:49]} hxg6 {[%emt 0:00:22]} 30. Bf1 {[%emt 0:00:21]} Rac8 {[%emt 0:04:23]} 31. Rc1 {[%emt 0:00:22]} Kg7 {[%emt 0:01:57]} 32. Rxc8 {[%emt 0:01:27]} Bxc8 {[%emt 0:00:43]} 33. Kc1 {[%emt 0:00:48]} Be6 {[%emt 0:01:47]} 34. Kb1 {[%emt 0:00:06]} Bc4 {[%emt 0:01:19]} 35. Nc2 {[%emt 0:03:36]} Bxd3 {[%emt 0:00:19]} 36. Bxd3 {[%emt 0:00:17]} Qxd3 {[%emt 0:00:02]} 37. Qh2 {[%emt 0:00:38]} Nh5 {[%emt 0:01:10]} 38. Rg1 {[%emt 0:00:31]} Rxf3 {[%emt 0:00:26]} 39. a3 {[%emt 0:00:33]} Rf1+ {[%emt 0:01:13]} 40. Rxf1 {[%emt 0:00:01]} Qxf1+ {[%emt 0:00:01]} 41. Ka2 {[%emt 0:30:06]} Qc4+ {[%emt 0:30:08]} 42. Ka1 {[%emt 0:00:41]} Qxe4 {[%emt 0:00:11]} 43. Qd2 {[%emt 0:00:01]} Nf4 {[%emt 0:00:39]} 44. Nb4 {[%emt 0:00:41]} a5 {[%emt 0:00:53]} 45. Qxd6 {[%emt 0:00:00]} Qe1+ {[%emt 0:00:00]} 46. Ka2 {[%emt 0:00:00]} axb4 {[%emt 0:00:00]} 47. axb4 {[%emt 0:00:00]} Qe2 {[%emt 0:00:00]} 48. Qe7+ {[%emt 0:00:00]} Kh6 {[%emt 0:00:00]} 49. Ka3 {[%emt 0:00:00]} g5 {[%emt 0:00:00]} 50. b3 {[%emt 0:00:00]} Qe1 {[%emt 0:00:00]} 51. Ka2 {[%emt 0:00:00]} Ng6 {[%emt 0:00:00]} 52. Qc5 {[%emt 0:00:00]} Qd2+ {[%emt 0:00:00]} 53. Ka3 {[%emt 0:00:00]} Qd4 {[%emt 0:00:00]} 54. Qc1 {[%emt 0:00:00]} e4 {[%emt 0:00:00]} 55. Qh1+ {[%emt 0:00:00]} Kg7 56. Qc1 {[%emt 0:00:00]} e3 {[%emt 0:00:00]} 57. Qc7+ {[%emt 0:00:00]} Kh6 {[%emt 0:00:00]} 58. Qh2+ {[%emt 0:00:00]} Nh4 {[%emt 0:00:00]} 59. Ka2 {[%emt 0:00:00]} Qd2+ {[%emt 0:00:00]} 60. Ka3 {[%emt 0:00:00]} Qc1+ {[%emt 0:00:00]} 61. Ka2 {[%emt 0:00:00]} Qd1 {[%emt 0:00:00]} 62. Qe5 {[%emt 0:00:00]} Qf3 {[%emt 0:00:00]} 63. Ka3 {[%emt 0:00:00]} Qa8+ {[%emt 0:00:00]} 64. Kb2 {[%emt 0:00:00]} Qa7 {[%emt 0:00:00]} 65. Qh8+ {[%emt 0:00:00]} Kg6 {[%emt 0:00:00]} 66. Qe8+ {[%emt 0:00:00]} Kf5 {[%emt 0:00:00]} 67. Qxb5+ {[%emt 0:00:00]} Kf4 {[%emt 0:00:00]} 68. Qc4+ {[%emt 0:00:00]} Kg3 {[%emt 0:00:00]} 69. Qd5 {[%emt 0:00:00]} Nf3 {[%emt 0:00:00]} 70. Qe6 {[%emt 0:00:00]} Kf2 {[%emt 0:00:00]} 71. b5 {[%emt 0:00:00]} e2 {[%emt 0:00:00]} 72. b6 {[%emt 0:00:00]} Qg7+ {[%emt 0:00:00]} 0-1

[Event "ESP chT Honor Division 2019"]
[Site "Melilla"]
[Date "2019.10.04"]
[Round "5.23"]
[White "Martin Duque, Jesus"]
[Black "Ubilava, Elizbar"]
[Result "1-0"]
[WhiteElo "2445"]
[BlackElo "2481"]
[Annotator "ChessBase"]
[PlyCount "129"]
[EventDate "2019.09.30"]
[EventType "team-tourn"]
[EventCountry "ESP"]
[SourceTitle "playchess.com"]
[Source "ChessBase"]
[SourceQuality "1"]
[TimeControl "40/5400+30:1800+30"]

1. e4 {[%emt 0:00:00]} e5 {[%emt 0:00:00]} 2. Nf3 {[%emt 0:00:00]} Nc6 {[%emt 0:00:00]} 3. Bc4 {[%emt 0:00:00]} Bc5 {[%emt 0:00:00]} 4. d3 {[%emt 0:00:03]} Nf6 {[%emt 0:00:10]} 5. O-O {[%emt 0:00:14]} d6 {[%emt 0:00:18]} 6. c3 {[%emt 0:00:11]} O-O {[%emt 0:00:22]} 7. h3 {[%emt 0:00:29]} h6 {[%emt 0:00:36]} 8. Re1 {[%emt 0:00:00]} a6 {[%emt 0:02:05]} 9. a4 Ne7 {[%emt 0:12:17]} 10. Nbd2 {[%emt 0:01:24]} Ng6 {[%emt 0:00:28]} 11. Nf1 {[%emt 0:01:05]} Re8 {[%emt 0:12:30]} 12. Ng3 {[%emt 0:01:14]} Ba7 {[%emt 0:00:45]} 13. Qb3 {[%emt 0:05:55]} Rf8 14. d4 {[%emt 0:02:04]} c6 {[%emt 0:02:23]} 15. dxe5 {[%emt 0:12:30]} dxe5 {[%emt 0:04:10]} 16. a5 {[%emt 0:00:28]} Qc7 {[%emt 0:24:17]} 17. Nf5 Nxe4 18. Nxh6+ {[%emt 0:18:34]} gxh6 {[%emt 0:00:37]} 19. Rxe4 {[%emt 0:00:04]} Bf5 {[%emt 0:00:18]} 20. Re1 {[%emt 0:03:52]} Kg7 {[%emt 0:01:10]} 21. Be3 {[%emt 0:01:45]} Bxe3 {[%emt 0:01:21]} 22. Rxe3 {[%emt 0:01:11]} Rad8 {[%emt 0:01:06]} 23. Rae1 {[%emt 0:04:55]} Rfe8 24. Nd4 {[%emt 0:09:16]} Bc8 {[%emt 0:03:25]} 25. Qc2 {[%emt 0:04:42]} Re7 {[%emt 0:10:13]} 26. Nf5+ {[%emt 0:02:40]} Bxf5 {[%emt 0:00:06]} 27. Qxf5 {[%emt 0:00:03]} Rd6 {[%emt 0:00:50]} 28. Rf3 {[%emt 0:06:26]} Qd7 {[%emt 0:03:16]} 29. Qh5 {[%emt 0:00:13]} Qd8 {[%emt 0:01:22]} 30. Re4 {[%emt 0:04:43]} Nf4 {[%emt 0:03:57]} 31. Rg3+ {[%emt 0:07:50]} Rg6 {[%emt 0:00:27]} 32. Qh4 {[%emt 0:02:14]} Qd6 {[%emt 0:03:54]} 33. Ree3 {[%emt 0:02:59]} Qf6 {[%emt 0:01:29]} 34. Qxf6+ {[%emt 0:01:35]} Kxf6 {[%emt 0:00:06]} 35. Ref3 {[%emt 0:01:27]} Rd7 {[%emt 0:01:32]} 36. Kh2 {[%emt 0:01:13]} Rd2 {[%emt 0:01:41]} 37. b4 {[%emt 0:01:34]} Ke7 {[%emt 0:01:39]} 38. Rxg6 {[%emt 0:01:19]} fxg6 {[%emt 0:00:09]} 39. g3 {[%emt 0:00:25]} Nd5 {[%emt 0:00:14]} 40. Bd3 {[%emt 0:00:26]} g5 {[%emt 0:00:34]} 41. Bg6 {[%emt 0:30:32]} Nf6 {[%emt 0:40:04]} 42. Kg2 {[%emt 0:00:15]} c5 {[%emt 0:00:00]} 43. Re3 cxb4 44. cxb4 {[%emt 0:00:00]} Rb2 {[%emt 0:00:00]} 45. Rxe5+ {[%emt 0:00:00]} Kd6 {[%emt 0:00:00]} 46. Re1 {[%emt 0:00:00]} Rxb4 {[%emt 0:00:00]} 47. Bf5 {[%emt 0:00:00]} Nd5 {[%emt 0:00:00]} 48. Re6+ {[%emt 0:00:00]} Kc5 {[%emt 0:00:00]} 49. Rxh6 {[%emt 0:00:00]} Rb5 {[%emt 0:00:00]} 50. Rg6 {[%emt 0:00:00]} Rxa5 51. Rxg5 {[%emt 0:00:00]} Kd6 {[%emt 0:00:00]} 52. h4 {[%emt 0:00:00]} Ne7 {[%emt 0:00:00]} 53. Bc2 Rxg5 {[%emt 0:00:02]} 54. hxg5 {[%emt 0:00:00]} b5 {[%emt 0:00:05]} 55. Kh3 {[%emt 0:00:00]} a5 {[%emt 0:00:32]} 56. f4 {[%emt 0:00:00]} a4 57. Kg4 Ke6 {[%emt 0:04:23]} 58. Kh5 {[%emt 0:00:30]} a3 {[%emt 0:02:22]} 59. g4 Kd5 60. Bb3+ {[%emt 0:03:53]} Kd4 {[%emt 0:01:51]} 61. f5 {[%emt 0:01:17]} Kc3 {[%emt 0:00:12]} 62. Be6 {[%emt 0:01:50]} Nc6 {[%emt 0:00:51]} 63. f6 {[%emt 0:00:55]} Nd8 {[%emt 0:00:27]} 64. Bd5 b4 {[%emt 0:00:11]} 65. g6 {[%emt 0:00:52]} 1-0

[Event "ESP chT Honor Division 2019"]
[Site "Melilla"]
[Date "2019.10.04"]
[Round "5.24"]
[White "Arabidze, Meri"]
[Black "Di Benedetto, Desiree"]
[Result "1/2-1/2"]
[WhiteElo "2398"]
[BlackElo "2235"]
[Annotator "NA"]
[PlyCount "99"]
[EventDate "2019.09.30"]
[EventType "team-tourn"]
[EventCountry "ESP"]
[SourceTitle "playchess.com"]
[Source "ChessBase"]
[SourceQuality "1"]
[TimeControl "40/5400+30:1800+30"]

1. d4 {[%emt 0:00:00]} Nf6 {[%emt 0:00:00]} 2. c4 {[%emt 0:00:00]} e6 {[%emt 0:00:00]} 3. Nf3 {[%emt 0:00:06]} d5 {[%emt 0:00:00]} 4. Nc3 {[%emt 0:00:15]} Bb4 {[%emt 0:00:04]} 5. Bg5 {[%emt 0:01:15]} h6 {[%emt 0:00:10]} 6. Bxf6 {[%emt 0:00:33]} Qxf6 {[%emt 0:00:10]} 7. Qa4+ {[%emt 0:00:13]} Nc6 {[%emt 0:00:09]} 8. cxd5 {[%emt 0:02:21]} exd5 {[%emt 0:02:37]} 9. e3 {[%emt 0:00:06]} O-O {[%emt 0:02:30]} 10. Be2 {[%emt 0:01:40]} Bd6 {[%emt 0:02:02]} 11. O-O {[%emt 0:00:10]} Be6 {[%emt 0:01:50]} 12. Rfc1 {[%emt 0:00:29]} a6 {[%emt 0:00:28]} 13. Qd1 {[%emt 0:00:43]} Ne7 {[%emt 0:00:58]} 14. a3 {[%emt 0:01:54]} g5 {[%emt 0:02:24]} 15. e4 {[%emt 0:11:08]} dxe4 {[%emt 0:06:02]} 16. Nxe4 Qf4 17. Nxd6 {[%emt 0:08:01]} Qxd6 {[%emt 0:01:23]} 18. Bc4 {[%emt 0:08:07]} Bxc4 {[%emt 0:05:22]} 19. Rxc4 {[%emt 0:00:17]} Ng6 {[%emt 0:06:28]} 20. Rac1 {[%emt 0:14:56]} c6 {[%emt 0:01:36]} 21. Rb4 {[%emt 0:04:00]} Rab8 {[%emt 0:05:34]} 22. g3 {[%emt 0:04:33]} Rfd8 {[%emt 0:10:03]} 23. Qb3 {[%emt 0:04:37]} b5 {[%emt 0:12:18]} 24. Qc2 {[%emt 0:06:49]} a5 {[%emt 0:10:29]} 25. Rb3 {[%emt 0:00:23]} g4 26. Ne5 {[%emt 0:00:41]} Nxe5 {[%emt 0:08:04]} 27. dxe5 Qxe5 28. Re3 {[%emt 0:02:31]} Qd5 {[%emt 0:15:18]} 29. Re4 Qg5 {[%emt 0:05:16]} 30. Rce1 {[%emt 0:03:47]} Rd6 {[%emt 0:02:03]} 31. Qc3 {[%emt 0:04:57]} Kh7 {[%emt 0:01:00]} 32. Qxa5 Rbd8 {[%emt 0:00:47]} 33. Qc7 {[%emt 0:16:18]} R8d7 {[%emt 0:00:54]} 34. Qc8 Qf5 {[%emt 0:00:15]} 35. Rf4 {[%emt 0:03:37]} Qg6 {[%emt 0:00:35]} 36. Qe8 {[%emt 0:02:51]} Kg7 {[%emt 0:00:33]} 37. Qe5+ f6 38. Qe2 {[%emt 0:00:48]} h5 {[%emt 0:00:47]} 39. Re4 {[%emt 0:00:35]} Qf7 {[%emt 0:00:44]} 40. Qc2 {[%emt 0:00:00]} f5 {[%emt 0:00:00]} 41. Re5 {[%emt 0:12:30]} Rf6 {[%emt 0:04:43]} 42. Qc1 {[%emt 0:02:54]} Kg6 {[%emt 0:04:09]} 43. Qf4 {[%emt 0:00:56]} Qb3 {[%emt 0:04:22]} 44. R5e2 {[%emt 0:00:21]} Rd1 45. Qe5 {[%emt 0:00:01]} Rxe1+ {[%emt 0:01:20]} 46. Rxe1 {[%emt 0:13:16]} Qf7 {[%emt 0:03:35]} 47. Rd1 Re6 {[%emt 0:00:05]} 48. Rd6 {[%emt 0:01:58]} Rxd6 {[%emt 0:00:18]} 49. Qxd6+ {[%emt 0:02:05]} Qf6 50. Qd2 1/2-1/2

[Event "ESP chT Honor Division 2019"]
[Site "Melilla"]
[Date "2019.10.05"]
[Round "6.1"]
[White "Abasov, Nijat"]
[Black "Sasikiran, Krishnan"]
[Result "1/2-1/2"]
[WhiteElo "2632"]
[BlackElo "2675"]
[Annotator "TA"]
[PlyCount "61"]
[EventDate "2019.09.30"]
[EventType "team-tourn"]
[EventCountry "ESP"]
[SourceTitle "playchess.com"]
[Source "ChessBase"]
[SourceQuality "1"]

{[%evp 19,61,13,14,6,16,14,17,16,22,17,4,5,20,21,35,5,14,10,0,0,2,0,34,-36,-31,-28,0,0,18,39,22,23,37,15,20,0,0,-9,0,0,0,0,0,0]} 1. d4 d5 2. c4 c6 3. Nc3 Nf6 4. Nf3 e6 5. Bg5 h6 6. Bxf6 Qxf6 7. e3 Nd7 8. Bd3 dxc4 9. Bxc4 g6 10. O-O Bg7 11. Re1 {D43: Semi-Slav: 5 Bg5 h6} O-O 12. e4 e5 {[%cal Re5d4]} 13. d5 Rd8 (13... Nb6 14. Bb3 Bg4 15. Re3 Rad8 16. h3 Bxf3 17. Rxf3 {1-0 (81) Giri,A (2780)-Duda,J (2730) chess.com INT 2019}) 14. Rc1 Nb6 15. Bb3 a5 16. a3 Bd7 {[#]} 17. Qd2 $146 ({Predecessor:} 17. Nd2 a4 18. Ba2 h5 {½-½ (35) Dothan,Y (2575)-Manso Gil,A (2579) ICCF email 2016}) 17... Bf8 18. Qe3 c5 19. Nd2 a4 20. Ba2 Rab8 21. Ne2 (21. g3 $14) 21... Nc8 22. f4 Nd6 23. Nf3 Re8 {next ...exf4 is good for Black.} 24. fxe5 Rxe5 25. Nxe5 Qxe5 26. Nf4 {[#] Threatens to win with Nd3.} Bb5 {The position is equal.} 27. Bb1 Re8 28. Qf2 b6 29. Nd3 Bxd3 30. Bxd3 Bg7 31. Rc2 {Accuracy: White = 57%, Black = 44%.} 1/2-1/2

[Event "ESP chT Honor Division 2019"]
[Site "Melilla"]
[Date "2019.10.05"]
[Round "6.2"]
[White "Ganguly, Surya Shekhar"]
[Black "Idani, Pouya"]
[Result "1/2-1/2"]
[WhiteElo "2658"]
[BlackElo "2568"]
[Annotator "RC"]
[PlyCount "172"]
[EventDate "2019.09.30"]
[EventType "team-tourn"]
[EventCountry "ESP"]
[SourceTitle "playchess.com"]
[Source "ChessBase"]
[SourceQuality "1"]
[TimeControl "40/5400+30:1800+30"]

1. c4 {[%emt 0:00:00]} e6 {[%emt 0:01:20]} 2. g3 {[%emt 0:00:25]} d5 {[%emt 0:00:13]} 3. Bg2 {[%emt 0:00:18]} Nf6 {[%emt 0:00:20]} 4. Nf3 {[%emt 0:00:19]} dxc4 {[%emt 0:00:41]} 5. Qa4+ {[%emt 0:00:21]} Bd7 {[%emt 0:00:07]} 6. Qxc4 {[%emt 0:00:08]} c5 {[%emt 0:00:02]} 7. d4 {[%emt 0:00:37]} Bc6 {[%emt 0:05:45]} 8. O-O {[%emt 0:16:02]} Bd5 {[%emt 0:04:08]} 9. Qd3 {[%emt 0:02:08]} cxd4 {[%emt 0:09:03]} 10. Nxd4 {[%emt 0:16:54]} Bxg2 {[%emt 0:00:09]} 11. Kxg2 {[%emt 0:00:03]} Nc6 {[%emt 0:00:36]} 12. Be3 {[%emt 0:07:57]} Qd7 {[%emt 0:10:58]} 13. Rc1 {[%emt 0:13:23]} Nb4 {[%emt 0:05:46]} 14. Qb5 {[%emt 0:01:25]} Nbd5 {[%emt 0:02:28]} 15. Bd2 {[%emt 0:00:54]} Qxb5 {[%emt 0:11:29]} 16. Nxb5 {[%emt 0:00:07]} a6 {[%emt 0:00:02]} 17. Nc7+ {[%emt 0:02:26]} Nxc7 {[%emt 0:00:14]} 18. Rxc7 {[%emt 0:00:05]} b5 {[%emt 0:00:04]} 19. a4 {[%emt 0:00:31]} b4 {[%emt 0:04:36]} 20. Be1 {[%emt 0:02:14]} Bd6 {[%emt 0:06:45]} 21. Rb7 {[%emt 0:03:04]} Nd7 {[%emt 0:06:00]} 22. Nd2 {[%emt 0:00:32]} a5 {[%emt 0:12:31]} 23. Nc4 {[%emt 0:02:46]} Bb8 {[%emt 0:01:02]} 24. Rc1 {[%emt 0:12:04]} Nc5 {[%emt 0:02:58]} 25. Nb6 {[%emt 0:01:00]} Nxb7 {[%emt 0:00:04]} 26. Rc8+ {[%emt 0:00:07]} Nd8 {[%emt 0:01:17]} 27. Nxa8 {[%emt 0:00:07]} Be5 {[%emt 0:01:58]} 28. b3 {[%emt 0:00:18]} O-O {[%emt 0:01:01]} 29. Nb6 {[%emt 0:00:30]} Bd6 {[%emt 0:02:35]} 30. Nc4 {[%emt 0:02:23]} Nb7 {[%emt 0:00:10]} 31. Rc6 {[%emt 0:00:05]} Bc5 {[%emt 0:02:03]} 32. Rc7 {[%emt 0:01:20]} Rb8 {[%emt 0:00:03]} 33. Bd2 {[%emt 0:00:21]} f6 {[%emt 0:01:48]} 34. Be3 {[%emt 0:00:37]} Bxe3 {[%emt 0:00:48]} 35. fxe3 h5 {[%emt 0:00:10]} 36. e4 {[%emt 0:01:54]} e5 {[%emt 0:00:50]} 37. Kf3 {[%emt 0:01:37]} Nd8 {[%emt 0:01:01]} 38. Nxa5 {[%emt 0:02:20]} Ne6 {[%emt 0:00:07]} 39. Nc6 {[%emt 0:00:09]} Ra8 {[%emt 0:00:08]} 40. Rb7 {[%emt 0:00:26]} Kh7 {[%emt 0:01:05]} 41. Rb8 {[%emt 0:41:41]} Rxb8 {[%emt 0:33:49]} 42. Nxb8 {[%emt 0:00:06]} Nd4+ {[%emt 0:00:02]} 43. Ke3 {[%emt 0:00:10]} Nxb3 {[%emt 0:00:04]} 44. Na6 {[%emt 0:00:06]} Kg6 {[%emt 0:01:49]} 45. Nxb4 {[%emt 0:00:47]} Kf7 {[%emt 0:00:06]} 46. Nd5 {[%emt 0:00:00]} Ke6 {[%emt 0:00:00]} 47. Nc3 {[%emt 0:00:00]} Kd6 {[%emt 0:00:00]} 48. Kd3 {[%emt 0:00:00]} Kc5 {[%emt 0:00:00]} 49. Nd5 {[%emt 0:00:00]} Kd6 {[%emt 0:00:00]} 50. Ke3 {[%emt 0:00:00]} Nc5 {[%emt 0:00:00]} 51. Nc3 {[%emt 0:00:00]} Nb3 {[%emt 0:00:00]} 52. h4 {[%emt 0:00:00]} Kc5 {[%emt 0:00:00]} 53. Nd5 {[%emt 0:00:00]} Kd6 {[%emt 0:00:00]} 54. Nb6 {[%emt 0:00:00]} Kc6 {[%emt 0:00:00]} 55. Nc8 {[%emt 0:00:00]} Kd7 {[%emt 0:00:00]} 56. Nb6+ {[%emt 0:00:00]} Kc6 {[%emt 0:00:00]} 57. Nc4 {[%emt 0:00:00]} Kc5 {[%emt 0:00:00]} 58. a5 {[%emt 0:00:00]} Nd4 {[%emt 0:00:00]} 59. a6 {[%emt 0:00:00]} Nc6 {[%emt 0:00:00]} 60. Nb2 {[%emt 0:00:00]} Kb5 {[%emt 0:00:00]} 61. Nd3 {[%emt 0:00:00]} Kxa6 {[%emt 0:01:12]} 62. Nc5+ {[%emt 0:00:00]} Kb6 {[%emt 0:01:40]} 63. Ne6 {[%emt 0:00:00]} g6 {[%emt 0:00:03]} 64. Nf8 {[%emt 0:00:00]} Ne7 {[%emt 0:00:34]} 65. Nd7+ {[%emt 0:00:00]} Kc6 {[%emt 0:00:04]} 66. Nxf6 {[%emt 0:00:00]} Kd6 {[%emt 0:00:08]} 67. Nh7 {[%emt 0:00:00]} Ke6 {[%emt 0:01:08]} 68. Ng5+ {[%emt 0:00:00]} Kd6 {[%emt 0:01:09]} 69. Kd3 {[%emt 0:00:00]} Ng8 {[%emt 0:00:21]} 70. Nh7 {[%emt 0:00:00]} Ke7 {[%emt 0:02:35]} 71. Kc4 {[%emt 0:00:00]} Nh6 {[%emt 0:00:04]} 72. Kc5 {[%emt 0:02:51]} Ng4 {[%emt 0:00:34]} 73. Kd5 {[%emt 0:00:06]} Kf7 {[%emt 0:00:04]} 74. Kd6 {[%emt 0:01:03]} Kg7 {[%emt 0:00:03]} 75. Ng5 {[%emt 0:00:06]} Kf6 {[%emt 0:00:03]} 76. Ne6 {[%emt 0:02:38]} Ne3 {[%emt 0:00:56]} 77. Nc7 {[%emt 0:03:06]} Nc4+ {[%emt 0:01:34]} 78. Kd5 {[%emt 0:01:44]} Ne3+ {[%emt 0:00:28]} 79. Kc5 {[%emt 0:01:24]} Nf1 {[%emt 0:00:06]} 80. Kd6 {[%emt 0:00:05]} Nxg3 {[%emt 0:00:04]} 81. Nd5+ {[%emt 0:00:05]} Kf7 {[%emt 0:01:40]} 82. Kxe5 {[%emt 0:00:02]} Nxe2 {[%emt 0:00:04]} 83. Kd6 {[%emt 0:00:12]} g5 {[%emt 0:00:51]} 84. e5 {[%emt 0:00:13]} Nd4 {[%emt 0:00:10]} 85. hxg5 {[%emt 0:00:05]} Kg6 {[%emt 0:00:36]} 86. Ne3 {[%emt 0:01:46]} h4 {[%emt 0:00:59]} 1/2-1/2